000 00363nam a2200133Ia 4500
008 240624s9999 xx 000 0 und d
041 _aeng
082 _a020 BOL
100 _aBOLAN KIMBERLY
245 _aTECHNOLOGY MADE SIMPLE AN IMPROVEMENT GU
260 _c2009
_aNew Delhi
_bIndiana Publishing House
300 _aix, : 213 : p. : cm. ; 28
365 _cRS
_b20
999 _c13177
_d13177